Who Is This- Country Music Artist By Picture - Statistics

General Stats
  • This quiz has been taken 61 times
  • The average score is 11 of 16
Answer Stats
Picture Answer % Correct
dolly parton
100%
willie nelson
86%
luke bryan
82%
reba mcentire
80%
luke combs
76%
carrie underwood
73%
alan jackson
71%
kenny chesney
71%
tim mcgraw
69%
johnny cash
67%
toby keith
63%
chris stapleton
61%
miranda lambert
57%
thomas rhett
53%
shania twain
43%
maren morris
35%
No matching quizzes found
Score Distribution
Percent of People with Each Score
Percentile by Number Answered
Your Score History
You have not taken this quiz